<?xml version="1.0" encoding="UTF-8"?>
<record
    xmlns:xsi="http://www.w3.org/2001/XMLSchema-instance"
    xsi:schemaLocation="http://www.loc.gov/MARC21/slim http://www.loc.gov/standards/marcxml/schema/MARC21slim.xsd"
    xmlns="http://www.loc.gov/MARC21/slim">

  <leader>02899nam a2200385 a 4500</leader>
  <controlfield tag="001">000113855</controlfield>
  <controlfield tag="003">CHAP</controlfield>
  <controlfield tag="005">20241014135906.0</controlfield>
  <controlfield tag="007">cr ||||||a|c|a</controlfield>
  <controlfield tag="008">171002s2017    mx      sm   |||||||spa d</controlfield>
  <datafield tag="040" ind1=" " ind2=" ">
    <subfield code="c">CHAP</subfield>
  </datafield>
  <datafield tag="090" ind1=" " ind2=" ">
    <subfield code="a">Tesis</subfield>
  </datafield>
  <datafield tag="100" ind1="1" ind2=" ">
    <subfield code="a">S&#xE1;nchez de la Rosa, Valeria</subfield>
    <subfield code="9">133573</subfield>
  </datafield>
  <datafield tag="245" ind1="1" ind2="0">
    <subfield code="a">Desarrollo de una mantequilla de cacahuate (Arachis hypogaea L.) baja en grasas</subfield>
    <subfield code="c">por Valeria S&#xE1;nchez de la Rosa; director de tesis C&#xE9;sar Ram&#xED;rez Santiago.</subfield>
  </datafield>
  <datafield tag="264" ind1=" " ind2="1">
    <subfield code="a">Chapingo, M&#xE9;x. :</subfield>
    <subfield code="b">El autor,</subfield>
    <subfield code="c">2017.</subfield>
  </datafield>
  <datafield tag="300" ind1="1" ind2=" ">
    <subfield code="a">1 recurso en l&#xED;nea (73 p&#xE1;ginas):</subfield>
    <subfield code="b">figuras, cuadros.</subfield>
  </datafield>
  <datafield tag="336" ind1=" " ind2=" ">
    <subfield code="2">rdacontent</subfield>
    <subfield code="a">texto</subfield>
    <subfield code="b">txt</subfield>
  </datafield>
  <datafield tag="337" ind1=" " ind2=" ">
    <subfield code="2">rdamedia</subfield>
    <subfield code="a">computadora</subfield>
    <subfield code="b">c</subfield>
  </datafield>
  <datafield tag="338" ind1=" " ind2=" ">
    <subfield code="2">rdacarrier</subfield>
    <subfield code="a">recursos en l&#xED;nea</subfield>
    <subfield code="b">cr</subfield>
  </datafield>
  <datafield tag="502" ind1=" " ind2=" ">
    <subfield code="b">IA</subfield>
    <subfield code="c">Agroindustrias</subfield>
    <subfield code="d">2017.</subfield>
    <subfield code="g">LIC</subfield>
  </datafield>
  <datafield tag="520" ind1=" " ind2=" ">
    <subfield code="a">Cada d&#xED;a las exigencias de los consumidores se dirigen m&#xE1;s a la b&#xFA;squeda de nuevos productos que puedan proporcionar adem&#xE1;s del valor nutritivo, otros compuestos con actividad fisiol&#xF3;gica que permitan un mejor estado tanto f&#xED;sico como mental, reduciendo el riesgo de enfermedades crono degenerativas, para mantener la salud (Cort&#xE9;s et al., 2005). Las prote&#xED;nas del lactosuero han cobrado importancia en la industria alimentaria por presentar interesantes propiedades funcionales y tecnol&#xF3;gicas (emulsionantes, gelificantes, espumantes, etc.) adem&#xE1;s de su alto valor nutritivo (D&#xED;az et al., 2009). En la presente investigaci&#xF3;n se estudi&#xF3; el efecto de la incorporaci&#xF3;n del aislado de prote&#xED;na de lactosuero (WPI: Whey Protein Isolate) en la formulaci&#xF3;n de una mantequilla de cacahuate con bajo contenido graso y se estudiaron las propiedades f&#xED;sico- qu&#xED;micas y sensoriales, sustituy&#xE9;ndose al 3.6, 10, 15 y 20 % (p / p). A todos los tratamientos (M0A1.8L, M1.8A0L, M3.6WPI, M10WPI, M15WPI, M 20WPI) junto con el control (MC1.8 A1.8 L) se les determino el an&#xE1;lisis proximal (prote&#xED;na, grasa, humedad, cenizas), an&#xE1;lisis instrumental de textura (TPA) y evaluaci&#xF3;n sensorial. Todos los tratamientos difirieron (p ? 0.05) en el an&#xE1;lisis proximal, dependiendo del grado de sustituci&#xF3;n de WPI. Las mantequillas de cacahuate con WPI mostraron caracter&#xED;sticas texturales similares a las exhibidas por el control. El tratamiento M10WPI, mostro el mayor nivel de aceptaci&#xF3;n por parte del consumidor.</subfield>
  </datafield>
  <datafield tag="590" ind1=" " ind2=" ">
    <subfield code="a">BATCH-UPD</subfield>
    <subfield code="b">05</subfield>
    <subfield code="c">20171002</subfield>
  </datafield>
  <datafield tag="590" ind1=" " ind2=" ">
    <subfield code="a">E6339RRR</subfield>
    <subfield code="b">05</subfield>
    <subfield code="c">20171002</subfield>
  </datafield>
  <datafield tag="590" ind1=" " ind2=" ">
    <subfield code="a">E6339RRR</subfield>
    <subfield code="b">05</subfield>
    <subfield code="c">20171002</subfield>
  </datafield>
  <datafield tag="590" ind1=" " ind2=" ">
    <subfield code="a">E6339RRR</subfield>
    <subfield code="b">05</subfield>
    <subfield code="c">20171002</subfield>
  </datafield>
  <datafield tag="650" ind1="1" ind2="4">
    <subfield code="a">Cacahuate</subfield>
    <subfield code="x">Procesado.</subfield>
    <subfield code="9">16896</subfield>
  </datafield>
  <datafield tag="650" ind1="1" ind2="4">
    <subfield code="a">Cacahuate</subfield>
    <subfield code="x">Subproductos.</subfield>
    <subfield code="9">16905</subfield>
  </datafield>
  <datafield tag="650" ind1="1" ind2="4">
    <subfield code="a">Mantequilla de cacahuate</subfield>
    <subfield code="x">Evaluaci&#xF3;&#xF3;n sensorial.</subfield>
    <subfield code="9">133574</subfield>
  </datafield>
  <datafield tag="700" ind1="1" ind2=" ">
    <subfield code="a">Ram&#xED;rez Santiago, C&#xE9;sar</subfield>
    <subfield code="9">94265</subfield>
    <subfield code="e">Director de tesis.</subfield>
  </datafield>
  <datafield tag="856" ind1=" " ind2=" ">
    <subfield code="u">http://10.13.5.2/tesis/sist113855.pdf</subfield>
    <subfield code="z">DESCARGAR PDF</subfield>
  </datafield>
  <datafield tag="901" ind1=" " ind2=" ">
    <subfield code="a">BK</subfield>
  </datafield>
  <datafield tag="942" ind1=" " ind2=" ">
    <subfield code="c">TD</subfield>
    <subfield code="2">Clasificaci&#xF3;n Universidad Aut&#xF3;noma Chapingo</subfield>
  </datafield>
  <datafield tag="999" ind1=" " ind2=" ">
    <subfield code="c">110316</subfield>
    <subfield code="d">110316</subfield>
  </datafield>
  <datafield tag="952" ind1=" " ind2=" ">
    <subfield code="0">0</subfield>
    <subfield code="1">0</subfield>
    <subfield code="2">local</subfield>
    <subfield code="4">0</subfield>
    <subfield code="5">1</subfield>
    <subfield code="7">0</subfield>
    <subfield code="8">TesDigL</subfield>
    <subfield code="a">BD</subfield>
    <subfield code="b">BD</subfield>
    <subfield code="c">E_L</subfield>
    <subfield code="d">2017-10-02</subfield>
    <subfield code="l">0</subfield>
    <subfield code="o">Tesis digital</subfield>
    <subfield code="r">2019-12-31 00:00:00</subfield>
    <subfield code="w">2017-10-02</subfield>
    <subfield code="y">TD</subfield>
  </datafield>
</record>
